تجديد التفكير الديني في الاسلام ;; tajdid altafkir aldiynii fi alaislam / (Record no. 78356)
[ view plain ]
| 000 -LEADER | |
|---|---|
| fixed length control field | 00854aaa a2200217 a 4500 |
| 001 - CONTROL NUMBER | |
| control field | 78356 |
| 003 - CONTROL NUMBER IDENTIFIER | |
| rucl marc code | BD-RjUL |
| 005 - DATE AND TIME OF LATEST TRANSACTION | |
| control field | 20211209083124.0 |
| 008 - FIXED-LENGTH DATA ELEMENTS--GENERAL INFORMATION | |
| fixed length control field | 210913s1955 le ||||| |||| 001 0 ara d |
| 035 ## - SYSTEM CONTROL NUMBER | |
| System control number | (BD-RjUL)78582 |
| 040 ## - CATALOGING SOURCE | |
| Original cataloging agency | BD-RjUL |
| Language of cataloging | eng |
| Transcribing agency | BD-RjUL |
| 041 ## - LANGUAGE CODE | |
| Language code of text/sound track or separate title | ara |
| 082 ## - DEWEY DECIMAL CLASSIFICATION NUMBER | |
| Edition number | 23 |
| Classification number | 181.5 |
| Author mark and year | IQT 1955 |
| 100 1# - MAIN ENTRY--PERSONAL NAME | |
| Personal name | اقبال، محمد ;; Iqbal, Muhammad |
| Dates associated with a name | ١٨٧٧ -١٩٣٨ |
| 9 (RLIN) | 247756 |
| 245 10 - TITLE STATEMENT | |
| Title | تجديد التفكير الديني في الاسلام ;; tajdid altafkir aldiynii fi alaislam / |
| Statement of responsibility, etc. | Muhammad Iqbal; Translated into Arabic by Abbas Mahmoud ;; محمد اقبال ؛ نقله الى العربية عباس محمود |
| 650 ## - SUBJECT ADDED ENTRY--TOPICAL TERM | |
| Topical term or geographic name as entry element | Islamic philosophy |
| 9 (RLIN) | 247757 |
| Topical term or geographic name as entry element | Islam |
| 9 (RLIN) | 247758 |
| Topical term or geographic name as entry element | Philosophy and religion |
| 9 (RLIN) | 247759 |
| 700 ## - ADDED ENTRY--PERSONAL NAME | |
| Personal name | Mahmoud, Abbas ;; محمود عباس |
| 942 ## - ADDED ENTRY ELEMENTS (KOHA) | |
| Source of classification or shelving scheme | Dewey Decimal Classification |
| Koha item type | Books |
| Lost status | Source of classification or shelving scheme | Damaged status | Not for loan | Collection code | Permanent Location | Current Location | Shelving location | Date acquired | Total Checkouts | Full call number | Date last seen | Copy number | Koha item type |
|---|---|---|---|---|---|---|---|---|---|---|---|---|---|
| Dewey Decimal Classification | Not For Loan | Non-fiction | Central Library, University of Rajshahi | Central Library, University of Rajshahi | Reading Room | 09/12/2021 | A 181.5 IQT 1955 | 13/09/2021 | C-1 | Books |